<?xml version="1.0" encoding="UTF-8"?>
<record
    xmlns:xsi="http://www.w3.org/2001/XMLSchema-instance"
    xsi:schemaLocation="http://www.loc.gov/MARC21/slim http://www.loc.gov/standards/marcxml/schema/MARC21slim.xsd"
    xmlns="http://www.loc.gov/MARC21/slim">

  <leader>00996nam a22002297a 4500</leader>
  <controlfield tag="003">dpl</controlfield>
  <controlfield tag="005">20180823125012.0</controlfield>
  <controlfield tag="008">180711b        xxu||||| |||| 00| 0 eng d</controlfield>
  <datafield tag="010" ind1=" " ind2=" ">
    <subfield code="a">290361</subfield>
  </datafield>
  <datafield tag="020" ind1=" " ind2=" ">
    <subfield code="c">90.00</subfield>
  </datafield>
  <datafield tag="035" ind1=" " ind2=" ">
    <subfield code="a">290361, A-907002, A-906981</subfield>
  </datafield>
  <datafield tag="037" ind1=" " ind2=" ">
    <subfield code="b">BPPD/PUB</subfield>
  </datafield>
  <datafield tag="040" ind1=" " ind2=" ">
    <subfield code="a">DPL</subfield>
    <subfield code="b">HN</subfield>
    <subfield code="c">0</subfield>
  </datafield>
  <datafield tag="082" ind1=" " ind2=" ">
    <subfield code="a">&#x909; </subfield>
    <subfield code="b">&#x92C;&#x902;&#x927;&#x94B;&#x92A;&#x93E;</subfield>
  </datafield>
  <datafield tag="100" ind1=" " ind2=" ">
    <subfield code="a">&#x92C;&#x902;&#x926;&#x94B;&#x92A;&#x93E;&#x927;&#x94D;&#x92F;&#x93E;&#x92F;, &#x924;&#x93E;&#x930;&#x93E;&#x936;&#x902;&#x915;&#x930; </subfield>
    <subfield code="9">56194</subfield>
  </datafield>
  <datafield tag="245" ind1=" " ind2=" ">
    <subfield code="a">&#x92F;&#x93E;&#x924;&#x93F;&#x92D;&#x902;&#x917; :</subfield>
    <subfield code="c">&#x924;&#x93E;&#x930;&#x93E;&#x936;&#x902;&#x915;&#x930; &#x92C;&#x902;&#x926;&#x94B;&#x92A;&#x93E;&#x927;&#x94D;&#x92F;&#x93E;&#x92F;; &#x905;&#x928;&#x941;&#x935;&#x93E;&#x926;&#x915; &#x939;&#x902;&#x938; &#x915;&#x941;&#x92E;&#x93E;&#x930; &#x924;&#x93F;&#x935;&#x93E;&#x930;&#x940; </subfield>
    <subfield code="b">&#x909;&#x92A;&#x928;&#x94D;&#x92F;&#x93E;&#x938; /</subfield>
  </datafield>
  <datafield tag="246" ind1=" " ind2=" ">
    <subfield code="a">Yatibhang : upanyas /</subfield>
    <subfield code="b">by Tarashankar Bandhopadhyaya; anuvadak Hans Kumar Tiwari</subfield>
  </datafield>
  <datafield tag="260" ind1=" " ind2=" ">
    <subfield code="a">&#x926;&#x93F;&#x932;&#x94D;&#x932;&#x940;</subfield>
    <subfield code="b">&#x92E;&#x928;&#x940;&#x937; &#x92A;&#x94D;&#x930;&#x915;&#x93E;&#x936;&#x928;</subfield>
    <subfield code="c">1998</subfield>
  </datafield>
  <datafield tag="270" ind1=" " ind2=" ">
    <subfield code="a">&#x938;&#x940;-8/174, &#x92F;&#x92E;&#x941;&#x928;&#x93E; &#x935;&#x93F;&#x939;&#x93E;&#x930;-110053</subfield>
    <subfield code="b">&#x926;&#x93F;&#x932;&#x94D;&#x932;&#x940;</subfield>
  </datafield>
  <datafield tag="300" ind1=" " ind2=" ">
    <subfield code="a">88&#x92A;&#x943;. </subfield>
    <subfield code="c">19&#x938;&#x947;&#x92E;&#x940; (&#x938;&#x91C;&#x93F;&#x932;&#x94D;&#x926;)</subfield>
  </datafield>
  <datafield tag="942" ind1=" " ind2=" ">
    <subfield code="2">ddc</subfield>
    <subfield code="c">HN</subfield>
    <subfield code="h">&#x909; </subfield>
    <subfield code="m">&#x92C;&#x902;&#x926;&#x94B;&#x92A;&#x93E;</subfield>
  </datafield>
  <datafield tag="999" ind1=" " ind2=" ">
    <subfield code="c">153839</subfield>
    <subfield code="d">153839</subfield>
  </datafield>
  <datafield tag="952" ind1=" " ind2=" ">
    <subfield code="0">0</subfield>
    <subfield code="1">0</subfield>
    <subfield code="2">ddc</subfield>
    <subfield code="4">0</subfield>
    <subfield code="7">0</subfield>
    <subfield code="8">FIC</subfield>
    <subfield code="a">BL4</subfield>
    <subfield code="b">BL4</subfield>
    <subfield code="d">2018-07-11</subfield>
    <subfield code="e">BPPD/PUB</subfield>
    <subfield code="g">90.00</subfield>
    <subfield code="l">0</subfield>
    <subfield code="o">&#x909;  &#x92C;&#x902;&#x926;&#x94B;&#x92A;&#x93E;</subfield>
    <subfield code="p">A-907002</subfield>
    <subfield code="r">2018-07-11 00:00:00</subfield>
    <subfield code="v">90.00</subfield>
    <subfield code="w">2018-07-11</subfield>
    <subfield code="y">HN</subfield>
  </datafield>
  <datafield tag="952" ind1=" " ind2=" ">
    <subfield code="0">0</subfield>
    <subfield code="1">0</subfield>
    <subfield code="2">ddc</subfield>
    <subfield code="4">0</subfield>
    <subfield code="7">0</subfield>
    <subfield code="8">FIC</subfield>
    <subfield code="a">BL1</subfield>
    <subfield code="b">BL1</subfield>
    <subfield code="d">2018-08-23</subfield>
    <subfield code="e">BPPD/PUB</subfield>
    <subfield code="g">90.00</subfield>
    <subfield code="l">0</subfield>
    <subfield code="o">&#x909;  &#x92C;&#x902;&#x926;&#x94B;&#x92A;&#x93E;</subfield>
    <subfield code="p">A-906981</subfield>
    <subfield code="r">2018-08-23 00:00:00</subfield>
    <subfield code="v">90.00</subfield>
    <subfield code="w">2018-08-23</subfield>
    <subfield code="y">HN</subfield>
  </datafield>
</record>
